000
00258nam a22001097a 4500
082
_a
511.07 THO'A
100
_a
THOMPSON, J.E
_9
39125
245
_a
ARITHMETIC FOR THE PRACTICAL MAN
260
_a
NEWYORK
_b
D.VAN NOSTRAND
_c
1946
300
_a
280P
942
_c
BK
999
_c
576311
_d
576311